000 00328nam a2200133Ia 4500
008 190723s9999 xx 000 0 und d
020 _a978-93-5014-052-9
100 _aSatish Kumar
245 0 _aNetwork Filters and Transmission
250 _a2nd
260 _aNew Delhi
_bKatson Books
_c2015
300 _a263:p
942 _cBK
999 _c1939
_d1939